000 00590cam a22002053a 4500
001 43247
003 PGUSA
005 20140828084001.0
008 130718s2013||||xxu|||||s|||||000 | eng d
040 _aPGUSA
_beng
042 _adc
100 1 _aWilkinson, William Cleaver,
_d1833-1920
245 1 4 _aThe Epic of Saul
_h[electronic resource] /
_cWilliam Cleaver Wilkinson
260 _bProject Gutenberg,
_c2013
506 _aPublic domain in the USA.
516 _aElectronic text
830 0 _aProject Gutenberg
_v43247
856 4 0 _uhttp://www.gutenberg.org/ebooks/43247
942 _cEB
999 _c272498
_d272498